Nueva historia de Roma.

Uloženo v:
Podrobná bibliografie
Hlavní autor: Homo, León (autor)
Další autoři: Farrán y Mayoral, J. (traducción)
Médium: Kniha
Vydáno: Barcelona, España: Iberia, 1949.
Vydání:Segunda edicion.
Témata:
Tagy: Přidat tag
Žádné tagy, Buďte první, kdo vytvoří štítek k tomuto záznamu!

MARC

LEADER 00000nam a2200000 a 4500
001 UCP4796
003 CL-VaPUC
005 20241014131101.0
008 220708t1949 ||||| |||| 00| 0 eng d
999 |c 436848  |d 436846 
040 |c Pontificia Universidad Católica de Valparaíso 
082 0 4 |a 937 HOM 1949  |2 21 
100 |a Homo, León  |e autor  |9 439461 
245 1 0 |a Nueva historia de Roma. 
250 |a Segunda edicion.  |b Edición ilustrada. 
260 |a Barcelona, España:  |b Iberia,  |c 1949. 
300 |a 467 páginas; ilustraciones. 
500 |a c.1- Donación Familia Prof. Alejandro Guzmán Brito. 
583 |a last modification  |c 19990813 00:00:00  |k Catalogador Asistente 
650 0 |a Historia  |9 255047 
650 0 |a Imperio Romano  |9 322785 
650 0 |a República  |9 310048 
651 0 |a Roma   |9 255106 
700 |a Farrán y Mayoral, J.  |e traducción  |9 872490 
942 |c BK  |2 ddc  |n 0 
952 |0 0  |1 0  |2 ddc  |4 0  |6 937_000000000000000_HOM_1949  |7 0  |8 C_AGB  |9 584575  |a BIBDER  |b BIBDER  |d 2022-07-08  |e Donación  |i 5652731  |o 937 HOM 1949  |p 5652731  |r 2023-01-25  |t 1  |w 2022-07-08  |y BK_US  |k AGB